Country Word Scramble! #1 - Statistics

General Stats
  • This quiz has been taken 924 times
  • The average score is 12 of 15
Answer Stats
Hint Answer % Correct
dncaaa Canada
99%
cxioem Mexico
98%
vtlaia Latvia
93%
moaas Samoa
93%
avbiiol Bolivia
92%
ovksoo Kosovo
92%
bhalednsga Bangladesh
90%
gpuyaraa Paraguay
88%
abstowan Botswana
87%
abiocdma Cambodia
74%
deainnosi Indonesia
74%
yryzktgnsa Kyrgyzstan
73%
jneaaabizr Azerbaijan
68%
nikuaer Ukraine
65%
toahiepi Ethiopia
62%
No matching quizzes found
Score Distribution
Percent of People with Each Score
Percentile by Number Answered
Your Score History
You have not taken this quiz